000 00588nam a22002177a 4500
003 OSt
005 20250321122527.0
008 250321b |||||||| |||| 00| 0 eng d
020 _a0395831059
040 _cnone
050 _aB105
_b.T54C42
100 _aCHAFFEE, JOHN
245 _aTHINKING CRITICALLY
_cCHAFFEE, JOHN
250 _a5th edition
260 _aBoston
_bHoughton Mifflin Company
_cc1996
300 _axxii,606p;
_bIll.
500 _aIncludes index
600 _2Critical thinking
_aCHAFFEE, JOHN
_zBoston
700 _aCHAFFEE, JOHN
942 _2lcc
_cBK
_e5th
_n0
999 _c5039
_d5039